000 00855nam a22002417a 4500
005 20111108113110.0
008 111108t xxu||||| |||| 00| 0 eng d
010 _aENG-104062
020 _a9788192102825
_c625.00
035 _aEN-87595
037 _bDBAD/PUB
040 _aDPL
_bEng
082 _a508
100 _935745
_aSharma, Vichitra Kumar
245 _aNatural history of environment /
_cby Vichitra Kumar Sharma
260 _aDelhi
_bAncient Publishing House
_c2011
270 _aV-75, Street No. 15-A, Vijay Park, Near C-11, Shiv Sadhana Mandir, Yamuna Vihar
_bDelhi
_e110053
300 _avi,276p.
_c22cm (Hb)
500 _aIncludes index
700 _935744
942 _2ddc
_cEN
_h508
_mSHA
999 _c58210
_d58210